000 00666nam a22002297a 4500
005 20170124110039.0
010 _a472760
020 _c00.00
035 _a472760
037 _bCen Lib/Ret
040 _aDPL
_bEN
082 _a882.08
_bMAY
100 _aMayne, Fred
_923351
245 _aThe wit and saire of bernard shaw /
_cby Fred Mayne
260 _aLondon
_bEdward Arnold Publishers
_c1967
270 _bLondon
300 _ax, 154p.
_c21cm(Hb)
500 _aIncludes appendix, bibliographical references and index
650 _aEnglish literature
_923352
650 _aEnglish Drama
_923353
942 _2ddc
_cEN
_h882.08
_mMAY
999 _c128426
_d128426